Statistics for Primetime Emmy for Outstanding Supporting Actor in a Drama Series

Click here to take the quiz!

General Stats

  • This quiz has been taken 21 times
  • The average score is 14 of 54

Answer Stats

Answer% Correct
Aaron Paul
77%
Peter Dinklage
62%
Billy Crudup
54%
Don Knotts
46%
Bradley Whitford
38%
Matthew Macfadyen
38%
Michael Imperioli
38%
Terry O'Quinn
38%
William Shatner
38%
Alan Alda
31%
Ben Mendelsohn
31%
Bobby Cannavale
31%
Chad Lowe
31%
Edward James Olmos
31%
Fyvush Finkel
31%
Joe Pantoliano
31%
John Lithgow
31%
John Spencer
31%
Michael Conrad
31%
Michael Emerson
31%
Ray Walston
31%
Stuart Margolin
31%
Art Carney
23%
Bruce Weitz
23%
Carl Reiner
23%
Dennis Weaver
23%
Gordon Clapp
23%
Héctor Elizondo
23%
James Brolin
23%
Jimmy Smits
23%
Larry Drake
23%
Michael Moriarty
23%
Milburn Stone
23%
Richard Dysart
23%
Richard Schiff
23%
Timothy Busfield
23%
Will Geer
23%
Albert Paulsen
15%
Anthony Zerbe
15%
David Burns
15%
Eli Wallach
15%
Gary Frank
15%
Jack Warden
15%
James Coco
15%
James Daly
15%
John Hillerman
15%
John Karlen
15%
Michael Badalucco
15%
Robert Stack
15%
Robert Vaughn
15%
Scott Jacoby
15%
Tobias Menzies
15%
Werner Klemperer
15%
Zeljko Ivanek
15%

Score Distribution

Percentile by Number Answered

Percent of People with Each Score

Your Score History

You have not taken this quiz